LEADER 02023nam 2200661 a 450 001 9910452235303321 005 20200520144314.0 010 $a1-281-39837-3 010 $a9786611398378 010 $a0-87586-559-3 035 $a(CKB)1000000000484949 035 $a(SSID)ssj0000175898 035 $a(PQKBManifestationID)12001581 035 $a(PQKBTitleCode)TC0000175898 035 $a(PQKBWorkID)10203872 035 $a(PQKB)10187998 035 $a(SSID)ssj0000361429 035 $a(PQKBManifestationID)12090514 035 $a(PQKBTitleCode)TC0000361429 035 $a(PQKBWorkID)10366737 035 $a(PQKB)11450123 035 $a(MiAaPQ)EBC319260 035 $a(Au-PeEL)EBL319260 035 $a(CaPaEBR)ebr10476739 035 $a(CaONFJC)MIL139837 035 $a(OCoLC)476115923 035 $a(EXLCZ)991000000000484949 100 $a20070417d2008 uy 0 101 0 $aeng 135 $aurcn||||||||| 181 $ctxt 182 $cc 183 $acr 200 10$aIce age extinction$b[electronic resource] $ecause and human consequences /$fJim Snook 210 $aNew York $cAlgora Pub.$d2008 215 $axiv, 191 p. $cill., maps 300 $aBibliographic Level Mode of Issuance: Monograph 311 $a0-87586-557-7 311 $a0-87586-558-5 320 $aIncludes bibliographical references and indexes. 606 $aExtinction (Biology) 606 $aGlacial epoch 606 $aClimatic changes$xEnvironmental aspects 606 $aAtmospheric carbon dioxide$xPhysiological effect 608 $aElectronic books. 615 0$aExtinction (Biology) 615 0$aGlacial epoch. 615 0$aClimatic changes$xEnvironmental aspects. 615 0$aAtmospheric carbon dioxide$xPhysiological effect. 676 $a576.8/4 700 $aSnook$b Jim$f1933-$0955618 801 0$bMiAaPQ 801 1$bMiAaPQ 801 2$bMiAaPQ 906 $aBOOK 912 $a9910452235303321 996 $aIce age extinction$92162604 997 $aUNINA LEADER 01739nam0 22003613i 450 001 VAN0241110 005 20221118115943.689 017 70$2N$a9783030649616 100 $a20220222d2021 |0itac50 ba 101 $aeng 102 $aCH 105 $a|||| ||||| 200 1 $aResource Use and Sustainability of Orang Asli$eIndigenous Communities in Peninsular Malaysia$feditors Mohd Tajuddin Abdullah, Candyrilla Vera Bartholomew, Aqilah Mohammad 210 $aCham$cSpringer$d2021 215 $aXIX, 243 p.$cill.$d24 cm 620 $aCH$dCham$3VANL001889 676 $a304.2$cAntropologia ecologica. Geografia umana$v22 676 $a338.927$cTecnologia alternativa. Economia ambientale. Sviluppo sostenibile$v22 676 $a333.95$cBiodiversitā$v22 702 1$aAbdullah$bMohd T.$3VANV197347 702 1$aMohammad$bAqilah$3VANV197346 712 $aSpringer$3VANV108073$4650 790 1$aAbdullah, Mohd Tajuddin$zAbdullah, Mohd T.$3VANV197348 790 1$aAbdullah, M. T.$zAbdullah, Mohd T.$3VANV202916 790 1$aAbdullah, M.T.$zAbdullah, Mohd T.$3VANV202917 801 $aIT$bSOL$c20221125$gRICA 856 4 $uhttps://link.springer.com/book/10.1007/978-3-030-64961-6$zE-book - Accesso al full-text attraverso riconoscimento IP di Ateneo, proxy e/o Shibboleth 899 $aBIBLIOTECA DEL DIPARTIMENTO DI SCIENZE E TECNOLOGIE AMBIENTALI BIOLOGICHE E FARMACEUTICHE$1IT-CE0101$2VAN17 912 $fN 912 $aVAN0241110 950 $aBIBLIOTECA DEL DIPARTIMENTO DI SCIENZE E TECNOLOGIE AMBIENTALI BIOLOGICHE E FARMACEUTICHE$d17CONS e-book 2224 $e17BIB2224/275 275 20220222 996 $aResource Use and Sustainability of Orang Asli$92598137 997 $aUNISOB